000 01881nam a2200253 a 4500
001 000000773
005 20250401123606.0
008 090509s2006 pe ac 000 0 spa d
020 _a9972209067
040 _aDO-SdBNP
_bspa
_cBNPHU
082 _a747
_bV468i
100 1 _aVentura, Anna
_92651
245 1 0 _aIdeas prácticas en decoración /
_cAnna Ventura.
260 _aLima :
_bLexus,
_c2006.
300 _a199 p. :
_bil. restrs. ;
_c33 cm.
505 0 _tIntroducción --
_tLas telas --
_tLas cortinas --
_tEstores --
_tPersianas enrollables --
_tPersianas venecianas --
_tVisillos --
_tLas tapicerías --
_tLas alfombras --
_tLos pavimentos --
_tLa madera --
_tParqué --
_tListones --
_tMosaico --
_tAcabados de la madera --
_tPavimentos rígidos --
_tLadrillo --
_tBaldosas --
_tPiedras --
_tTerrazo --
_tOtros --
_tLos suelos textiles --
_tFibras naturales --
_tMoquetas --
_tLos revestimientos --
_tLa pintura --
_tEl papel pintado --
_tLos tejidos --
_tLos azulejos --
_tLos estucos --
_tLos colores --
_tEl blanco y los colores neutros --
_tLos amarillos --
_tLos rojos --
_tLos azules --
_tLos verdes --
_tEl negro --
_tIluminación de un espacio --
_tTipos de fuentes de iluminación --
_tTipos de fuentes de luz eléctrica --
_tParámetros de la luz --
_tLámparas de mesa --
_tLámparas de pie --
_tLámparas colgantes o de techo --
_tLámparas empotrables u ojos de buey --
_tCarriles de iluminación --
_tLos focos --
_tApliques de pared --
_tVestíbulos y entradas --
_tPasillos y escaleras --
_tCocinas --
_tBaños --
_tComedores --
_tSalones --
_tDormitorios --
_tEstudios y bibliotecas.
650 0 _aDecoración de interiores
_92641
650 4 _aColor en decoración de interiores
_92652
650 0 _aDecoración y ornamentación
_92230
650 0 _aAlumbrado arquitectónico y decorativo
_92653
650 4 _aPavimentos
_92654
650 4 _aRevestimientos
_92655
910 _aValidado. Control de calidad MFF
999 _c769
_d769